| 000 -LEADER |
| fixed length control field |
00820nam a2200229Ia 4500 |
| 001 - CONTROL NUMBER |
| control field |
18576 |
| 003 - CONTROL NUMBER IDENTIFIER |
| control field |
GE_BSU |
| 008 - FIXED-LENGTH DATA ELEMENTS--GENERAL INFORMATION |
| fixed length control field |
181216s||||||||xx |||||||||||||| ||und|| |
| 040 ## - CATALOGING SOURCE |
| Transcribing agency |
GE_BSU |
| 080 ## - UNIVERSAL DECIMAL CLASSIFICATION NUMBER |
| Universal Decimal Classification number |
821.353.1 |
| 100 ## - MAIN ENTRY--PERSONAL NAME |
| Personal name |
ნინუა, რატი (ტატო) |
| 245 ## - TITLE STATEMENT |
| Title |
ალუბლის იალქნები:ლექსები |
| 245 ## - TITLE STATEMENT |
| Statement of responsibility, etc. |
რედ:ვახტანგ ხარჩილავა,მხატ:ზურაბ ხარაბაძე. |
| 260 ## - PUBLICATION, DISTRIBUTION, ETC. |
| Place of publication, distribution, etc. |
თბილისი |
| 260 ## - PUBLICATION, DISTRIBUTION, ETC. |
| Name of publisher, distributor, etc. |
მერანი |
| 260 ## - PUBLICATION, DISTRIBUTION, ETC. |
| Date of publication, distribution, etc. |
1994 |
| 300 ## - PHYSICAL DESCRIPTION |
| Extent |
78გვ;16სმ. |
| 300 ## - PHYSICAL DESCRIPTION |
| Other physical details |
1ფ. პორტრეტი |
| 653 ## - INDEX TERM--UNCONTROLLED |
| Uncontrolled term |
ალუბლის იალქნები:ლექსები |
| 653 ## - INDEX TERM--UNCONTROLLED |
| Uncontrolled term |
ქართული ლიტერატურა |
| 942 ## - ADDED ENTRY ELEMENTS (KOHA) |
| Koha item type |
წიგნი |